| 000 | 00497nam a2200193 4500 | ||
|---|---|---|---|
| 001 | 126981 | ||
| 003 | ES-MaACL | ||
| 005 | 20230906192923.0 | ||
| 007 | t| | ||
| 008 | 070214s1957 sp r ||||1| spa d | ||
| 100 | 1 |
_aRibera, Antonio. _996769 |
|
| 245 | 1 | 0 |
_aLlibre dels retorns / _cAntoni Ribera. |
| 260 |
_aPalma de Mallorca : _bMoll, _c1957. |
||
| 300 |
_a113 p. ; _c15 cm. |
||
| 490 | 1 | _aRaixa | |
| 830 | 0 |
_aRaixa _9181953 |
|
| 852 |
_aES-MaACL _jC-13547 _bR.40900 |
||
| 999 |
_c126981 _d126981 |
||